| 000 | 01337nac a22002531u 4500 | ||
|---|---|---|---|
| 010 | _a 2005036436 | ||
| 020 | _a0470019395 (pbk.) | ||
| 020 | _a9780470019399 | ||
| 035 | _a(OCoLC)ocm62679871 | ||
| 082 | 0 | 0 |
_a372.6 _bF6791 |
| 090 |
_c2012 _d2012 |
||
| 100 | _aFlynn, Naomi. | ||
| 245 | 1 | 4 |
_aThe learning and teaching of reading and writing / _cNaomi Flynn, Rhona Stainthorp. |
| 260 |
_aChichester, England ; _aHoboken, NJ : _bJohn Wiley & Sons,2006 _c2006. |
||
| 300 |
_a229 p. : _bill. ; _c23 cm. |
||
| 504 | _aIncludes bibliographical references (p. [213]-221) and indexes. | ||
| 505 | 0 | _aHow to read this book -- Teaching reading and writing in English primary schools : an historical perspective -- Writing systems and the development of reading -- The development of writing -- Children for whom English is an additional language -- The schools -- An introduction to part two -- Aidan -- Bridget -- Clare. | |
| 650 | 0 | _aLanguage arts (Elementary) | |
| 650 | 0 |
_aLanguage arts (Elementary) _zEngland _vCase studies. |
|
| 700 | 1 | _aStainthorp, Rhona. | |
| 856 | 4 | 1 |
_3Table of contents _uhttp://www.loc.gov/catdir/toc/ecip065/2005036436.html |
| 942 |
_cBB _k372.6 F6791 |
||
| 999 |
_c2012 _d2012 |
||